000 00381cam a2200145ua 4500
041 _aeng
_h
082 _a823.301
_bRAW/ST
100 _aRawson, Elsie Lewis .
245 _aStory time vol-2 /
_cElsie Lewis Rawson.
_hTextual Documents
260 _aPoona :
_bOriental Watchman Publishing House ,
_c1965.
300 _a80 ; .
504 _a
942 _cBK
999 _c12851
_d12851